000 00669nam a2200241Ia 4500
003 OSt
005 20221005090957.0
006 a|||||r|||| 00| 0
007 ta
008 221004b |||||||| |||| 00| 0 eng d
024 _a32750
037 _cTextual
040 _aCRL
_cCRL
_beng
041 _2eng
_aeng
082 _aO9xN08, J1
100 _aBrower Reuben Arthur
_952586
245 0 _aField of light
_b An experiment in critical reading
260 _aNew York
_bOxford University Press
_c1951
300 _a218p.
_ccm.
650 _aENGLISH LITERATURE
942 _hO9xN08, J1
_cTEXL
_2cc
999 _c996650
_d996650